000 00710nam a2200265Ia 4500
003 OSt
005 20220927103214.0
006 a|||||r|||| 00| 0
007 ta
008 220926b |||||||| |||| 00| 0 eng d
020 _a9211125537
024 _a7458
037 _cReference Collections
040 _aRTL
_cRTL
_beng
041 _2eng
_aeng
082 _a"X65:611.P, P2/UN"
110 _aUnited Nations
245 0 _aInvestment policy review
_b Tanzania
260 _aNew
_bYork United Nations USA
_c2002
300 _a109p
_ccm.
650 _aInvestment
_9355295
700 _aUnited Nations
942 _h"X65:611.P, P2/UN"
_cCC
999 _c681899
_d681899